[Event "Asia zt 3.1 Online"]
[Site "Tornelo INT"]
[Date "2021.06.02"]
[Round "2"]
[White "Khader, Aram"]
[Black "Mohammed, Ahmed Said Al Amri"]
[Result "1-0"]
[WhiteElo "2147"]
[BlackElo "1772"]
[PlyCount "81"]
[EventDate "2021.06.01"]
[EventType "swiss"]
[EventRounds "9"]
[EventCountry "NET"]
[SourceTitle "CBM 202 Extra"]
[Source "ChessBase"]
[SourceDate "2021.07.31"]
[SourceVersion "1"]
[SourceVersionDate "2021.07.31"]
[SourceQuality "1"]

1. e4 e6 2. d4 d5 3. Nc3 dxe4 4. Nxe4 Nd7 5. Nf3 Ngf6 6. Nxf6+ Nxf6 7. Bg5 Be7 8. Bd3 h6 9. Bh4 b6 10. Ne5 Qd5 11. Qe2 Bb7 12. f3 0-0 13. c3 c5 14. Bxf6 Bxf6 15. Be4 Qd6 16. Bxb7 Rab8 17. Be4 cxd4 18. cxd4 Rbc8 19. Rd1 Qb4+ 20. Qd2 Qb5 21. a4 Qxa4 22. 0-0 Rfd8 23. Qf2 a5 24. f4 Be7 25. f5 Bf6 26. fxe6 fxe6 27. Nf3 Rf8 28. Qg3 g5 29. Qh3 Qe8 30. Qxh6 Qe7 31. Qg6+ Qg7 32. Qxg7+ Kxg7 33. Rc1 Rfd8 34. Ne5 Rxc1 35. Rxc1 Rxd4 36. Rc7+ Kg8 37. Bh7+ Kf8 38. Rf7+ Ke8 39. Rxf6 Rd1+ 40. Rf1 Rd2 41. Nc4 1-0

[Event "Asia zt 3.1 Online"]
[Site "Tornelo INT"]
[Date "2021.06.01"]
[Round "1"]
[White "Mohammed, Ahmed Said Al Amri"]
[Black "Ammar, Sedrani"]
[Result "0-1"]
[WhiteElo "1772"]
[BlackElo "2274"]
[PlyCount "66"]
[EventDate "2021.06.01"]
[EventType "swiss"]
[EventRounds "9"]
[EventCountry "NET"]
[SourceTitle "CBM 202 Extra"]
[Source "ChessBase"]
[SourceDate "2021.07.31"]
[SourceVersion "1"]
[SourceVersionDate "2021.07.31"]
[SourceQuality "1"]

1. e4 c6 2. d4 d5 3. e5 Bf5 4. Nc3 e6 5. g4 Bg6 6. Nge2 c5 7. Nf4 Nc6 8. Bb5 Qb6 9. Be3 cxd4 10. Bxd4 Bc5 11. Bxc5 Qxc5 12. h4 d4 13. Nxg6 hxg6 14. Ne4 Qxe5 15. Qe2 Nf6 16. Nxf6+ gxf6 17. Bxc6+ bxc6 18. Qxe5 fxe5 19. Kd2 Ke7 20. Rag1 Rab8 21. b3 a5 22. Kd3 f6 23. g5 f5 24. f4 exf4 25. Kxd4 Rb5 26. c4 e5+ 27. Kc3 Rbb8 28. a3 e4 29. Rd1 Rbd8 30. Rxd8 Rxd8 31. Rf1 f3 32. Rf2 f4 33. b4 e3 0-1

[Event "Online Olym Base A"]
[Site "Chess.com INT"]
[Date "2020.07.27"]
[Round "9.1"]
[White "Nay, Oo Kyaw Tun"]
[Black "Mohammed, Ahmed Said Al Amri"]
[Result "1-0"]
[WhiteElo "2385"]
[BlackElo "1772"]
[PlyCount "115"]
[EventDate "2020.07.25"]
[EventType "team-tourn (rapid)"]
[EventRounds "9"]
[EventCountry "USA"]
[SourceTitle "CBM 198"]
[Source "ChessBase"]
[SourceDate "2020.10.31"]
[SourceVersion "1"]
[SourceVersionDate "2020.10.31"]
[SourceQuality "1"]
[WhiteTeam "Myanmar"]
[BlackTeam "Oman"]
[WhiteTeamCountry "MYA"]
[BlackTeamCountry "OMN"]

1. d4 g6 2. Nf3 Bg7 3. Bf4 d6 4. e3 Nf6 5. h3 Nc6 6. Be2 b6 7. 0-0 Bb7 8. c4 0-0 9. Nc3 Re8 10. Bh2 e5 11. dxe5 Nxe5 12. Nxe5 dxe5 13. Qxd8 Raxd8 14. Rfd1 Nd7 15. Nb5 Nc5 16. Nxc7 Rxd1+ 17. Rxd1 Rc8 18. Nb5 f6 19. Nd6 Rc7 20. Nxb7 Rxb7 21. b3 Rd7 22. Rxd7 Nxd7 23. Bf3 Kf7 24. Kf1 Ke7 25. Ke2 f5 26. Bc6 Nb8 27. Bd5 Na6 28. e4 Nb4 29. a3 Nc2 30. Kd2 Nd4 31. b4 fxe4 32. Bxe4 Kd6 33. Kd3 Ne6 34. g3 a5 35. f4 axb4 36. axb4 Bh6 37. fxe5+ Kxe5 38. Bg1 Bf8 39. Bd5 Bxb4 40. Bxe6 Kxe6 41. Bxb6 h5 42. Ke4 Bd6 43. g4 hxg4 44. hxg4 Bh2 45. Be3 Bb8 46. c5 Bh2 47. Bf4 Bg1 48. c6 Bb6 49. Kd3 Ba5 50. Kc4 Bb6 51. Kb5 Bf2 52. Ka6 g5 53. Bxg5 Bg3 54. Kb7 Kf7 55. Bd8 Ke8 56. Bc7 Bf2 57. Be5 Kf7 58. c7 1-0

[Event "Online Olym Base A"]
[Site "Chess.com INT"]
[Date "2020.07.26"]
[Round "4.3"]
[White "Mohammed, Ahmed Said Al Amri"]
[Black "Sikivou, Taione"]
[Result "0-1"]
[WhiteElo "1772"]
[BlackElo "1830"]
[PlyCount "96"]
[EventDate "2020.07.25"]
[EventType "team-tourn (rapid)"]
[EventRounds "9"]
[EventCountry "USA"]
[SourceTitle "CBM 198"]
[Source "ChessBase"]
[SourceDate "2020.10.31"]
[SourceVersion "1"]
[SourceVersionDate "2020.10.31"]
[SourceQuality "1"]
[WhiteTeam "Oman"]
[BlackTeam "Fiji"]
[WhiteTeamCountry "OMN"]
[BlackTeamCountry "FIJ"]

1. e4 c6 2. d4 d5 3. Nc3 dxe4 4. Nxe4 Bf5 5. Ng3 Bg6 6. Nf3 Nd7 7. h4 h6 8. Bc4 e6 9. h5 Bh7 10. Bd2 Ngf6 11. c3 Bd6 12. Be3 Nd5 13. Bxd5 cxd5 14. Qd2 Nb6 15. b3 Rc8 16. Ne2 0-0 17. Ne5 Qc7 18. Bf4 Nd7 19. Nxd7 Qxd7 20. Rh3 Kh8 21. Rg3 Rg8 22. Bxd6 Qxd6 23. Nf4 Rcd8 24. Kf1 b5 25. Re1 a5 26. Nd3 Bxd3+ 27. Qxd3 b4 28. cxb4 Qxb4 29. Rf3 Rgf8 30. Kg1 Qxe1+ 31. Kh2 Qb4 32. Rg3 Qd6 33. Kg1 Rc8 34. Qe3 Qc7 35. Kh2 a4 36. bxa4 Ra8 37. Qa3 Rfd8 38. Kh3 Qd7 39. Kh2 Rxa4 40. Qb2 Rda8 41. Rb3 Qc7+ 42. g3 Rxa2 43. Qb1 Qc2 44. Rb8+ Rxb8 45. Qxb8+ Kh7 46. Qf4 Qxf2+ 47. Qxf2 Rxf2+ 48. Kh3 Rd2 0-1

[Event "OMA-chT"]
[Site "Muscat"]
[Date "2020.01.30"]
[Round "8.3"]
[White "Al Busaidi, Hamood1"]
[Black "Mohammed, Ahmed Said Al Amri"]
[Result "1/2-1/2"]
[WhiteElo "1413"]
[BlackElo "1716"]
[PlyCount "49"]
[EventDate "2020.01.25"]
[EventType "team-swiss"]
[EventRounds "9"]
[EventCountry "OMN"]
[SourceTitle "CBM 194 Extra"]
[Source "ChessBase"]
[SourceDate "2020.03.31"]
[SourceVersion "1"]
[SourceVersionDate "2020.03.31"]
[SourceQuality "1"]

1. e4 e6 2. d3 d5 3. Nd2 Nf6 4. Ngf3 Be7 5. g3 b6 6. Bg2 Bb7 7. e5 Nfd7 8. d4 c5 9. c3 Nc6 10. 0-0 0-0 11. Re1 cxd4 12. cxd4 Nb4 13. a3 Nd3 14. Re3 Nxc1 15. Rxc1 Rc8 16. Rec3 Rxc3 17. Rxc3 Qb8 18. h4 Rc8 19. Qc2 Rxc3 20. Qxc3 Qc8 21. Qd3 Qd8 22. Qc3 Qc8 23. Qd3 Qd8 24. Qc3 Qc8 25. Qd3 1/2-1/2

[Event "OMA-chT"]
[Site "Muscat"]
[Date "2020.01.30"]
[Round "7.1"]
[White "Mohammed, Ahmed Said Al Amri"]
[Black "Al Maashani, Abdullah"]
[Result "0-1"]
[WhiteElo "1716"]
[BlackElo "1800"]
[PlyCount "62"]
[EventDate "2020.01.25"]
[EventType "team-swiss"]
[EventRounds "9"]
[EventCountry "OMN"]
[SourceTitle "CBM 194 Extra"]
[Source "ChessBase"]
[SourceDate "2020.03.31"]
[SourceVersion "1"]
[SourceVersionDate "2020.03.31"]
[SourceQuality "1"]

1. e4 c5 2. Nf3 Nc6 3. d4 cxd4 4. Nxd4 e5 5. Nb5 d6 6. c4 Nf6 7. N1c3 a6 8. Na3 Be7 9. Be2 0-0 10. 0-0 Nd4 11. Nc2 Nxe2+ 12. Qxe2 Bg4 13. f3 Be6 14. Be3 Rc8 15. Nd5 b5 16. cxb5 Nxd5 17. exd5 Bxd5 18. b3 axb5 19. Nb4 Ba8 20. Qxb5 d5 21. Bd2 Rb8 22. Qa4 Qb6+ 23. Kh1 Bxb4 24. Bxb4 Qxb4 25. Qd7 Rbc8 26. Qf5 e4 27. f4 d4 28. Qg4 e3 29. f5 f6 30. Rad1 Rfd8 31. Rf4 Rc2 0-1

[Event "OMA-chT"]
[Site "Muscat"]
[Date "2020.01.25"]
[Round "1.11"]
[White "Al Mamari, Ali Abdullah"]
[Black "Mohammed, Ahmed Said Al Amri"]
[Result "0-1"]
[WhiteElo "1309"]
[BlackElo "1716"]
[PlyCount "27"]
[EventDate "2020.01.25"]
[EventType "team-swiss"]
[EventRounds "9"]
[EventCountry "OMN"]
[SourceTitle "CBM 194 Extra"]
[Source "ChessBase"]
[SourceDate "2020.03.31"]
[SourceVersion "1"]
[SourceVersionDate "2020.03.31"]
[SourceQuality "1"]

1. d4 g6 2. c4 Bg7 3. Nc3 c5 4. e3 Nc6 5. Nf3 d6 6. h3 cxd4 7. exd4 Nf6 8. Be3 Nd7 9. Qd2 0-0 10. h4 h5 11. g4 hxg4 12. h5 gxf3 13. hxg6 fxg6 14. Bh6 0-1

[Event "OMA-chT"]
[Site "Muscat"]
[Date "2019.07.13"]
[Round "7.4"]
[White "Mohammed, Ahmed Said Al Amri"]
[Black "Shaurya, Dinesh Sawlani"]
[Result "0-1"]
[WhiteElo "1813"]
[BlackElo "1152"]
[PlyCount "76"]
[EventDate "2019.07.09"]
[EventType "team-swiss"]
[EventRounds "9"]
[EventCountry "OMN"]
[SourceTitle "EXT 2020"]
[Source "ChessBase"]
[SourceDate "2019.10.17"]
[SourceVersion "1"]
[SourceVersionDate "2019.10.17"]
[SourceQuality "1"]
[WhiteTeam "Mirbat"]
[BlackTeam "Ahli Sidab"]
[WhiteTeamCountry "OMN"]
[BlackTeamCountry "OMN"]

1. e4 c5 2. d4 cxd4 3. Nf3 g6 4. Qxd4 Nf6 5. e5 Nc6 6. Qa4 Nd5 7. Qe4 Nc7 8. Bd3 Bg7 9. 0-0 0-0 10. c3 Ne6 11. Qe2 Qc7 12. Re1 b6 13. Na3 a6 14. Nc2 Bb7 15. Ncd4 Ncxd4 16. Nxd4 Nc5 17. Bc2 Rac8 18. Bg5 Rfe8 19. Rad1 Ne6 20. Nxe6 dxe6 21. Qe3 Bd5 22. a3 b5 23. Bh6 Qb7 24. Bxg7 Kxg7 25. Rd4 Rc4 26. f3 Rec8 27. Red1 Qb6 28. Kf2 Qb8 29. h4 h5 30. Qf4 Qb7 31. Bb1 a5 32. Rxc4 Rxc4 33. Bc2 Rc7 34. Rxd5 exd5 35. g4 hxg4 36. fxg4 b4 37. axb4 axb4 38. Qd2 bxc3 0-1

[Event "OMA-chT"]
[Site "Muscat"]
[Date "2019.02.06"]
[Round "6.5"]
[White "Mohammed, Ahmed Said Al Amri"]
[Black "Al Kathiri, Salim Said"]
[Result "1-0"]
[WhiteElo "1852"]
[BlackElo "1759"]
[PlyCount "55"]
[EventDate "2019.02.02"]
[EventType "team-swiss"]
[EventRounds "9"]
[EventCountry "OMN"]
[SourceTitle "CBM 189 Extra"]
[Source "ChessBase"]
[SourceDate "2019.05.31"]
[SourceVersion "1"]
[SourceVersionDate "2019.05.31"]
[SourceQuality "1"]

1. e4 c5 2. Nf3 e6 3. d4 cxd4 4. Nxd4 Bc5 5. Be3 Qb6 6. b3 Nc6 7. c3 Nf6 8. Nd2 d5 9. Bb5 Nxe4 10. Bxc6+ bxc6 11. Nxe4 dxe4 12. b4 Bxd4 13. Bxd4 Qd8 14. Qg4 Rg8 15. Qxe4 f5 16. Qxc6+ Bd7 17. Qf3 g6 18. 0-0 Kf7 19. Rfe1 Qe7 20. Qe3 a6 21. Rad1 g5 22. Bc5 Qe8 23. Qe5 Bb5 24. Rd6 Bc4 25. Red1 Bd5 26. R1xd5 Rg6 27. Rd7+ Kg8 28. Bd4 1-0

[Event "Sharjah Masters 2nd"]
[Site "Sharjah"]
[Date "2018.04.19"]
[Round "9"]
[White "Aradhya, Garg"]
[Black "Mohammed, Ahmed Said Al Amri"]
[Result "1/2-1/2"]
[WhiteElo "2218"]
[BlackElo "1822"]
[PlyCount "95"]
[EventDate "2018.04.12"]
[EventType "swiss"]
[EventRounds "9"]
[EventCountry "UAE"]
[SourceTitle "CBM 184 Extra"]
[Source "ChessBase"]
[SourceDate "2018.06.28"]
[SourceVersion "1"]
[SourceVersionDate "2018.06.28"]
[SourceQuality "1"]

1. d4 Nf6 2. c4 e6 3. Nc3 c5 4. d5 exd5 5. cxd5 d6 6. e4 g6 7. Nf3 Bg7 8. h3 0-0 9. Bd3 b5 10. Nxb5 Nxe4 11. Bxe4 Re8 12. Ng5 f5 13. 0-0 fxe4 14. Ne6 Bxe6 15. dxe6 d5 16. e7 Rxe7 17. Bg5 Nc6 18. Rc1 c4 19. b3 a6 20. Nc3 d4 21. Nxe4 c3 22. Re1 Qc7 23. Bxe7 Nxe7 24. Nxc3 dxc3 25. Rxe7 Qc6 26. Rxg7+ Kxg7 27. Qd4+ Kg8 28. Rxc3 Qe6 29. Qc4 Qxc4 30. Rxc4 Kg7 31. Rc7+ Kg8 32. b4 Rd8 33. Ra7 Rd1+ 34. Kh2 Rd6 35. a4 h5 36. a5 Kf8 37. Rb7 Ke8 38. Rb6 Rxb6 39. axb6 Kd7 40. g4 Kc6 41. gxh5 gxh5 42. f4 Kxb6 43. f5 Kc6 44. Kg3 Kd5 45. Kf4 Kd6 46. h4 Kd5 47. Kg5 Ke5 48. f6 1/2-1/2

[Event "Sharjah Masters 2nd"]
[Site "Sharjah"]
[Date "2018.04.12"]
[Round "1"]
[White "Mohammed, Ahmed Said Al Amri"]
[Black "Grivas, Efstratios"]
[Result "0-1"]
[WhiteElo "1822"]
[BlackElo "2468"]
[PlyCount "108"]
[EventDate "2018.04.12"]
[EventType "swiss"]
[EventRounds "9"]
[EventCountry "UAE"]
[SourceTitle "CBM 184 Extra"]
[Source "ChessBase"]
[SourceDate "2018.06.28"]
[SourceVersion "1"]
[SourceVersionDate "2018.06.28"]
[SourceQuality "1"]

1. e4 c5 2. Nf3 Nc6 3. Bb5 d6 4. 0-0 Bd7 5. Nc3 e6 6. Re1 Nf6 7. d4 cxd4 8. Nxd4 Be7 9. Nb3 0-0 10. h3 Qc7 11. a3 a6 12. Bf1 b5 13. Bf4 Ne5 14. Nd4 Rfd8 15. Bg3 Be8 16. f4 Nc4 17. Bxc4 Qxc4 18. Qd3 Rac8 19. Qxc4 Rxc4 20. Bf2 Rdc8 21. Rad1 b4 22. axb4 Rxb4 23. Rb1 a5 24. Na2 Rb7 25. Nc3 Kf8 26. f5 e5 27. Nde2 Rc4 28. b3 Rcb4 29. Nc1 Rc7 30. N1a2 Rb8 31. Bh4 Rbc8 32. Bxf6 Bxf6 33. Re3 Rc6 34. Rd1 Bd8 35. Red3 Bb6+ 36. Kf1 Bd4 37. Ne2 Rxc2 38. R3d2 Bb5 39. Ke1 Be3 40. Rxc2 Rxc2 41. Nac3 Bxe2 42. Nxe2 Rb2 43. Rxd6 Rb1+ 44. Rd1 Rxb3 45. g4 a4 46. Ng3 Bd4 47. Ne2 a3 48. Nxd4 exd4 49. Ra1 Rxh3 50. Kd2 f6 51. Rb1 a2 52. Rb8+ Ke7 53. Rb7+ Kd6 54. Ra7 Rh1 0-1

[Event "Arab Clubs-chT"]
[Site "Sharjah"]
[Date "2018.02.11"]
[Round "7.3"]
[White "Mohammed, Ahmed Said Al Amri"]
[Black "Belouadah, Saad"]
[Result "0-1"]
[WhiteElo "1723"]
[BlackElo "2404"]
[PlyCount "40"]
[EventDate "2018.02.06"]
[EventType "team-tourn"]
[EventRounds "9"]
[EventCountry "UAE"]
[SourceTitle "CBM 182 Extra"]
[Source "ChessBase"]
[SourceDate "2018.02.23"]
[SourceVersion "1"]
[SourceVersionDate "2018.02.23"]
[SourceQuality "1"]
[WhiteTeam "Salalah CC"]
[BlackTeam "ASSN"]
[WhiteTeamCountry "OMN"]
[BlackTeamCountry "ALG"]

1. e4 c5 2. Nf3 Nc6 3. d4 cxd4 4. Nxd4 Qb6 5. Nb3 Nf6 6. Nc3 e6 7. Bd3 Be7 8. Be3 Qc7 9. a3 0-0 10. 0-0 d5 11. exd5 exd5 12. h3 a6 13. Bg5 Be6 14. Bxf6 Bxf6 15. Nc5 Rad8 16. Nxe6 fxe6 17. Na4 Bd4 18. c3 Ba7 19. b4 Ne5 20. Rc1 Nf3+ 0-1

[Event "Asia Cities-ch 20th"]
[Site "Bhubaneswar"]
[Date "2017.08.27"]
[Round "2.4"]
[White "Allam, Mohamed"]
[Black "Mohammed, Ahmed Said Al Amri"]
[Result "1-0"]
[WhiteElo "1954"]
[BlackElo "1711"]
[PlyCount "65"]
[EventDate "2017.08.26"]
[EventType "team-swiss"]
[EventRounds "9"]
[EventCountry "IND"]
[SourceTitle "CBM 180 Extra"]
[Source "ChessBase"]
[SourceDate "2017.10.06"]
[SourceVersion "1"]
[SourceVersionDate "2017.10.06"]
[SourceQuality "1"]
[WhiteTeam "Alquds"]
[BlackTeam "Muscat"]
[WhiteTeamCountry "PLE"]
[BlackTeamCountry "OMN"]

1. Nf3 Nf6 2. d4 d5 3. c4 e6 4. Nc3 c6 5. Bg5 h6 6. Bxf6 Qxf6 7. e3 Bb4 8. Qb3 Bxc3+ 9. Qxc3 Nd7 10. b3 0-0 11. Be2 b6 12. g4 Re8 13. h4 e5 14. g5 exd4 15. Nxd4 Qe5 16. cxd5 c5 17. Nb5 Qxc3+ 18. Nxc3 hxg5 19. hxg5 Re5 20. Rg1 Bb7 21. 0-0-0 a6 22. e4 b5 23. f4 Ree8 24. Bg4 Nb6 25. g6 fxg6 26. Be6+ Kf8 27. Rxg6 Bc8 28. f5 Bxe6 29. fxe6 Nc8 30. Rf1+ Ke7 31. Rf7+ Kd6 32. Rg5 c4 33. b4 1-0